Skoki Narciarskie - Zdobywcy Podium Spoza Krajów TOP6 (2010-2019) - Statystyki

Ogólne statystyki
  • Ten quiz został rozwiązany 102 razy
  • Średni wynik to 9 z 13
Statystyki odpowiedzi
Liczba podiów Kraj Lata aktywności Skoczek % Poprawnych
11 Czechy 2006- Roman Koudelka
99%
40 Szwajcaria 1997- Simon Ammann
99%
2 Finlandia 1992-2018 Janne Ahonen
90%
3 Rosja 2015-2022 Jewgienij Klimow
85%
1 Szwajcaria 2014- Killian Peier
76%
4 Czechy 2002-2017 Jan Matura
74%
1 Rosja 1998-2020 Dmitrij Wasiljew
65%
3 Finlandia 1997-2012 Matti Hautamaeki
58%
1 Finlandia 2002-2016 Harri Olli
56%
1 Finlandia 2010-2015 Anssi Koivuranta
55%
2 Finlandia 2007-2017 Ville Larinto
49%
1 Czechy 2003-2019 Lukas Hlava
48%
1 Rosja 2007-2011 Paweł Karelin
38%
Nie znaleziono quizów pasujących do podanych kryteriów
Rozkład punktacji
Procent ludzi z każdym wynikiem
Percentyl według liczby udzielonych odpowiedzi
Twoja historia wyników
Nie rozwiązałeś tego quizu